000 00645nam a22001817a 4500
003 UA-OsUOA
001 19531
007 ta
008 20040902b un ||||| |||| 00| 0 ukr d
100 _aКриловець В.
942 _cSA
040 _aUA-OsUOA
_cUA-OsUOA
_dUA-OsUOA
245 _aПодія , що осяває наші серця
_b[Про виставку "Рокитнівщина -2004", яка демонструвала досягнення Поліського краю]
300 _aС.3
955 _a0
773 0 _w0
_tВільне слово
_dРівне
_d2004
_g№65/1 верес./
650 7 _aВиставки
_2UDC
999 _c305702
_d305702